000 00508nam a2200157 4500
001 143049
003 ES-MaACL
005 20230906200714.0
007 t|
008 070214s1953 sp r ||||1| spa d
245 0 0 _aSelección de Selecciones
_b: colección de los mejores artículos de interés personal publicados en Selecciones del Reader's Digest.
250 _a1ª ed.
260 _aMadrid :
_b[s. n.],
_c1953 (
_fImp. Altamira)
300 _a191 p. ;
_c20 cm.
852 _aES-MaACL
_jC-18975
_bR.35627
999 _c143049
_d143049